00293nam a2200097Ia 4500008004100000041000800041100002800049245006400077260003500141999001900176241105s9999 xx 000 0 und d aeng aNandgude Sayali9182580 aFive Star Hotel At Hinjewadi : Living In Area Glorious Past bFinal Year B. Arch, BNCAc2014 c360871d360871